A TEXT BOOK OF MOLECULAR PHARMACEUTICS (Record no. 1155321)

MARC details
000 -LEADER
fixed length control field 00378nam a2200133Ia 4500
008 - FIXED-LENGTH DATA ELEMENTS--GENERAL INFORMATION
fixed length control field 240401s2021 xx 000 0 und d
041 ## - LANGUAGE CODE
Language code of text/sound track or separate title eng
082 ## - DEWEY DECIMAL CLASSIFICATION NUMBER
Classification number 615/MAN
100 ## - MAIN ENTRY--PERSONAL NAME
Personal name DR.SANCHITA MANDAL
245 ## - TITLE STATEMENT
Title A TEXT BOOK OF MOLECULAR PHARMACEUTICS
260 ## - PUBLICATION, DISTRIBUTION, ETC.
Place of publication, distribution, etc. HEDARBAD
Name of publisher, distributor, etc. S.VIKAS AND COMPANY
Date of publication, distribution, etc. 2021
650 ## - SUBJECT ADDED ENTRY--TOPICAL TERM
Topical term or geographic name entry element MOLECULAR PHARMACEUTICS
650 ## - SUBJECT ADDED ENTRY--TOPICAL TERM
Topical term or geographic name entry element MOLECULAR PHARMACEUTICS
Holdings
Withdrawn status Lost status Damaged status Not for loan Home library Current library Date acquired Cost, normal purchase price Total Checkouts Full call number Barcode Date last seen Date last checked out Price effective from Koha item type
        College of Pharmacy, Kolhapur College of Pharmacy, Kolhapur 25/03/2023 365.00 1 615/MAN PCK-M-3383 23/02/2026 23/05/2025 02/04/2024 Book